Goodnight Alaska - goodnight little bear (Record no. 1339)

MARC details
000 -LEADER
fixed length control field 00788nam a22002297a 4500
005 - DATE AND TIME OF LATEST TRANSACTION
control field 20230818090550.0
020 ## - INTERNATIONAL STANDARD BOOK NUMBER
International Standard Book Number 9781931353069
040 ## - CATALOGING SOURCE
Original cataloging agency FISKH
Language of cataloging eng
Transcribing agency FISKH
Modifying agency FISKH
050 ## - LIBRARY OF CONGRESS CALL NUMBER
Classification number PZ7.P3725
082 ## - DEWEY DECIMAL CLASSIFICATION NUMBER
Classification number 813.6
245 ## - TITLE STATEMENT
Title Goodnight Alaska - goodnight little bear
Statement of responsibility, etc. Bernd and Susan Richter
250 ## - EDITION STATEMENT
Edition statement Sixth Printing, February 2006
260 ## - PUBLICATION, DISTRIBUTION, ETC.
Place of publication, distribution, etc. Wasilla :
Name of publisher, distributor, etc. Saddle Pal Creations Inc.,
Date of publication, distribution, etc. 2001
300 ## - PHYSICAL DESCRIPTION
Extent 14 unnumbered pages :
Dimensions 18cm
505 ## - FORMATTED CONTENTS NOTE
Formatted contents note D
520 ## - SUMMARY, ETC.
Summary, etc. A bear says goodnight to a wide variety of other animals in the Alaskan wilderness before entering a months long sleep or hibernation during the winter.
521 ## - TARGET AUDIENCE NOTE
Target audience note 310 <br/>
Source Lexile estimate
521 ## - TARGET AUDIENCE NOTE
Target audience note D <br/>
Source Raz-Plus
942 ## - ADDED ENTRY ELEMENTS (KOHA)
Source of classification or shelving scheme Dewey Decimal Classification
Koha item type Books
Suppress in OPAC No
999 ## -
-- 1339
-- 1339
Holdings
Withdrawn status Lost status Source of classification or shelving scheme Damaged status Not for loan Collection Home library Current library Shelving location Date acquired Total Checkouts Full call number Barcode Date last seen Date last checked out Price effective from Koha item type
    Dewey Decimal Classification     Juvenile Fiction Footprints International School Library Network Toul Kork Campus Footprints International School Library Network Toul Kork Campus TK Primary Library Room(4th Floor), Bookcase 7, Shelves 57-60, Dark Green Books 08/18/2023 2 RIC Fic PZ7 FISBK05407 06/10/2024 05/16/2024 08/18/2023 Books